| 000 | 01294cam a2200361 i 4500 | ||
|---|---|---|---|
| 001 | 17921040 | ||
| 003 | OSt | ||
| 005 | 20230602093843.0 | ||
| 008 | 131029s2013 ke a b 001 0aeng | ||
| 010 | _a 2013441353 | ||
| 020 | _a9789966050588 | ||
| 040 |
_aDLC _beng _cDLC _erda _dDLC |
||
| 042 |
_alcode _apcc |
||
| 043 | _af-ke--- | ||
| 082 |
_a923.26762 _bODI |
||
| 100 | 1 |
_aOdinga, Raila Amolo, _d1945- |
|
| 245 | 1 | 0 |
_aRaila Odinga : _bthe flame of freedom / _cRaila Odinga ; foreword by Olusegun Obansanjo ; with Sarah Elderkin. |
| 264 | 1 |
_aNairobi, Kenya : _bMountain Top Publishers Limited, _c2013. |
|
| 300 |
_axiii, 992 pages : _bcolor illustrations ; _c24 cm |
||
| 336 |
_atext _2rdacontent |
||
| 337 |
_aunmediated _2rdamedia |
||
| 338 |
_avolume _2rdacarrier |
||
| 504 | _aIncludes bibliographical references (pages 862-963) and index. | ||
| 600 | 1 | 0 |
_aOdinga, Raila Amolo, _d1945- |
| 650 | 0 |
_aNationalists _zKenya _vBiography. |
|
| 650 | 0 |
_aPoliticians _zkenya _vBiography. |
|
| 651 | 0 |
_aKenya _xPolitics and government. |
|
| 700 | 1 | _aElderkin, Sarah. | |
| 856 | 4 | 1 |
_3Table of contents only _uhttp://www.loc.gov/catdir/toc/fy16pdf01/2013441353.html |
| 906 |
_a7 _bcbc _corigode _d2 _encip _f20 _gy-gencatlg |
||
| 942 |
_2ddc _cBK |
||
| 999 |
_c29 _d29 |
||